00572nam a2200145Ia 4500008004100000024005600041082001700097100007800114245002200192260002500214600002500239650003800264952010700302999001700409250506s9999 xx 000 0 und d a15B-077-SE, 15B-072-SE, 15B-112-SE & 15B-120-SE a004.3219 MUH aMuhammad Ali, Naymat Sarwar, Muhammad Farrukh Khan and Muhammad Ayub Khan 0aSpeaking Gestures aKarachi:bUIT,c2005 aSoftware Engineering aBachelor of Computer Science (BS) 001040708PR-SEaUITUbUITUd2022-07-26l0o004.3219 MUHpSE-14r2025-05-06 11:34:19w2025-05-06yPR c28216d28216